Strategický plán podniku.
Náčrt postupu pri zakladaní podniku. Určenie stratégie podniku. Uvedenie osnovy pre vytvorenie prvotného podnikateľského plánu (osvedčeného v západných spoločnostiach).
Salvato in:
| Natura: | Capitolo di libro |
|---|---|
| Lingua: | ceco |
| Soggetti: | |
| Tags: |
Nessun Tag, puoi essere il primo ad aggiungerne!!
|
MARC
| LEADER | 00000naa a2200000 4500 | ||
|---|---|---|---|
| 001 | r006222 | ||
| 005 | 20221125080245.7 | ||
| 041 | 0 | |a cze | |
| 044 | |a [CS] | ||
| 245 | 1 | 0 | |a Strategický plán podniku. |
| 520 | |a Náčrt postupu pri zakladaní podniku. Určenie stratégie podniku. Uvedenie osnovy pre vytvorenie prvotného podnikateľského plánu (osvedčeného v západných spoločnostiach). | ||
| 610 | 2 | 0 | |a stratégia podniková |
| 610 | 2 | 0 | |a plán podnikový |
| 610 | 2 | 0 | |a zisk podnikový |
| 610 | 2 | 0 | |a riadenie podnikové |
| 610 | 2 | 0 | |a prieskum trhu |
| 610 | 2 | 0 | |a plánovanie strategické |